Normal view
MARC view
- Software radio
Entry Topical Term
001 - CONTROL NUMBER
- control field: 37088
003 - CONTROL NUMBER IDENTIFIER
- control field: OSt
005 - DATE AND TIME OF LATEST TRANSACTION
- control field: 20150111132200.0
008 - FIXED-LENGTH DATA ELEMENTS
- fixed length control field: 150111|| aca||babn | a|a d
040 ## - CATALOGING SOURCE
- Original cataloging agency: OSt
150 ## - HEADING--TOPICAL TERM
- Topical term or geographic name as entry element: Software radio
- General subdivision: Design and construction